000 01364nam0a2200313 4500
001 RU\NLR\BIBL_A\012651222
005 20250624103026.0
010 _a5-7620-0410-4
_bв пер.
_915000
021 _aRU
_b90-52638
035 _a(NLR Aleph) 012651222
090 _a12726887
_c12726887
100 _a20211125d1990 |||y0rusy50 ca
101 0 _arus
102 _aRU
105 _ac z 000ay
181 0 _ai
_baxxe
182 0 _an
200 1 _aПирамиды
_eповести и рассказы
_fВиталий Жигалкин
_g[художник Е. Ф. Зайцев]
203 _aТекст
_bвизуальный
_cнепосредственный
210 _aНовосибирск
_cКнижное издательство
_d1990
215 _a404, [2] с., [1] л. портр.
_d21
327 1 _aСодерж.: Повести: Беспутная; А жить то надо...; Карьеры; Мечта идиота; Рассказы: Пирамиды; Кризис; Лена; Погреб; Камни с рисунками; Святое дерево и др.
700 1 _aЖигалкин
_bВ. А.
_gВиталий Александрович
702 1 _aЗайцев
_bЕ. Ф.
_4440
852 _aNLR
_j90-3/8412
942 _cBOOK
980 _aNB